Who's Who in Timbuctoo Quiz Stats

 Plays Quiz not verified by Sporcle

Score 0/25 Timer 05:00
0 Plays Today
Hint Answer % Correct
DogWoof
100%
CatMeow
100%
LionRoar
100%
GoatBleet
85.7%
TigerGrowl
85.7%
PigOink
85.7%
BearGrizzle
85.7%
FrogCroak
85.7%
SheepBaa
85.7%
CowMoo
85.7%
SealHonk
85.7%
ElephantTrumpet
85.7%
OwlHoot
85.7%
Hint Answer % Correct
HorseNeigh
85.7%
ChickenCluck
85.7%
BeeBuzz
85.7%
CrocodileSnap
85.7%
MonkeyChatter
85.7%
RabbitSniff
85.7%
PandaPuff
85.7%
SnakeHiss
85.7%
DuckQuack
85.7%
MouseSqueak
85.7%
ParrotSquawk
71.4%
BirdChirp
71.4%

You're not logged in!

Compare scores with friends on all Sporcle quizzes.
OR
Log In

Show Comments

Extras

Created Feb 1, 2014SourceReportNominate
Tags:character, roger

Top Quizzes Today


Score Distribution

Your Account Isn't Verified!

In order to create a playlist on Sporcle, you need to verify the email address you used during registration. Go to your Sporcle Settings to finish the process.

Report this User

Report this user for behavior that violates our Community Guidelines.

Details: